Together with Science-X (Record no. 3365)
[ view plain ]
| 000 -LEADER | |
|---|---|
| fixed length control field | 00235nam a22000857a 4500 |
| 008 - FIXED-LENGTH DATA ELEMENTS--GENERAL INFORMATION | |
| fixed length control field | 160922b xxu||||| |||| 00| 0 eng d |
| 100 ## - MAIN ENTRY--PERSONAL NAME | |
| 9 (RLIN) | 708 |
| Personal name | Rangarajan.R.etal |
| 245 ## - TITLE STATEMENT | |
| Title | Together with Science-X |
| 260 ## - PUBLICATION, DISTRIBUTION, ETC. (IMPRINT) | |
| Place of publication, distribution, etc. | New Delhi |
| Name of publisher, distributor, etc. | R.S Publications |
| Date of publication, distribution, etc. | 2009 |
No items available.